书目信息 |
| 题名: |
小松挖掘机构造与维修
|
|
| 作者: | 张凤山 , 静永臣 编 | |
| 分册: | ||
| 出版信息: | 北京 人民邮电出版社 2007.08 |
|
| 页数: | 192页 | |
| 开本: | 26cm | |
| 丛书名: | 工程机械维修必备丛书 | |
| 单 册: | ||
| 中图分类: | TU621.03 | |
| 科图分类: | ||
| 主题词: | 挖掘机--wa jue ji--构造 , 挖掘机--wa jue ji--维修 | |
| 电子资源: | ||
| ISBN: | 978-7-115-15945-8 | |
| 000 | 01045nam 2200277 450 | |
| 001 | 012008895235 | |
| 005 | 20080419133622.54 | |
| 010 | @a978-7-115-15945-8@dCNY28.00 | |
| 100 | @a20080419d2007 em y0chiy0120 ea | |
| 101 | 0 | @achi |
| 102 | @aCN@b110000 | |
| 105 | @aak z 000yy | |
| 106 | @ar | |
| 200 | 1 | @a小松挖掘机构造与维修@Axiao song wa jue ji gou zao yu wei xiu@f张凤山, 静永臣编@Fzhang feng shan,jing yong chen bian |
| 210 | @a北京@c人民邮电出版社@d2007.08 | |
| 215 | @a192页@c图@d26cm | |
| 225 | 2 | @a工程机械维修必备丛书@Agong cheng ji xie wei xiu bi bei cong shu |
| 330 | @a本书介绍了小松挖掘机的构造原理、故障诊断和维修方法,尤其对使用中带有普遍性和典型性的故障诊断、排除方法以及挖掘机零部件及整机的拆装进行了详细介绍。 | |
| 410 | 0 | @12001 @a工程机械维修必备丛书 |
| 606 | 0 | @a挖掘机@Awa jue ji@x构造 |
| 606 | 0 | @a挖掘机@Awa jue ji@x维修 |
| 690 | @aTU621.03@v4 | |
| 701 | 0 | @a张凤山@Azhang feng shan@4编 |
| 701 | 0 | @a静永臣@Ajing yong chen@4编 |
| 801 | 0 | @aCN@bQSSK@c20080419 |
| 905 | @b293177-78@dTU621.03@eZ106@f2 | |
| 小松挖掘机构造与维修/张凤山, 静永臣编.-北京:人民邮电出版社,2007.08 |
| 192页:图;26cm.-(工程机械维修必备丛书) |
| ISBN 978-7-115-15945-8:CNY28.00 |
| 本书介绍了小松挖掘机的构造原理、故障诊断和维修方法,尤其对使用中带有普遍性和典型性的故障诊断、排除方法以及挖掘机零部件及整机的拆装进行了详细介绍。 |
| ● |
| 相关链接 |
|
|
|
正题名:小松挖掘机构造与维修
索取号:TU621.03/Z106
 
预约/预借
| 序号 | 登录号 | 条形码 | 馆藏地/架位号 | 状态 | 备注 |
| 1 | 293177 | 202931774 | 建筑库201/201建筑库 12排3列5层/ [索取号:TU621.03/Z106] | 在馆 | |
| 2 | 293178 | 202931783 | 建筑库201/201建筑库 12排3列5层/ [索取号:TU621.03/Z106] | 在馆 |